Mixed Word: Nintendo Characters Quiz Stats

Quiz Updated Oct 18, 2016

Challenge
Share
Tweet
Embed
Score 0/14 Timer 02:00
11 Plays Today
Scrambled Character Character % Correct
KILNLink
96.1%
IILUGLuigi
95.3%
RAMOIMario
94.4%
ISYOHYoshi
92.6%
CEHAPPeach
86.7%
CAKUHIPPikachu
83.4%
ROWIAWario
82%
Scrambled Character Character % Correct
BYRKIKirby
77.7%
SWERBOBowser
77.1%
SYDIADaisy
68.7%
LAWIIUGWaluigi
68.5%
DAZLEZelda
66.2%
SSUMASamus
53.9%
QIUSRELTSquirtle
42.8%

You're not logged in!

Compare scores with friends on all Sporcle quizzes.
Sign Up with Email
OR
Log In

You Might Also Like...

Show Comments

Extras

Top Quizzes Today


Score Distribution

Your Account Isn't Verified!

In order to create a playlist on Sporcle, you need to verify the email address you used during registration. Go to your Sporcle Settings to finish the process.